[Event "I Torneo de Ajedrez La Salle"]
[Site "Zaragoza ESP"]
[Date "2005.11.11"]
[Round "5.1"]
[White "Cortes Lizano, Jesus"]
[Black "Ramiro Ovejero, Juan Luis"]
[Result "1-0"]
[WhiteElo "2177"]
[BlackElo "2332"]
[PlyCount "128"]
[EventDate "2005.10.08"]
[EventType "swiss"]
[EventRounds "9"]
[EventCountry "ESP"]
[Source "lmi"]
[SourceDate "2005.12.17"]

1. Nf3 c5 2. c4 Nc6 3. g3 g6 4. Bg2 Bg7 5. O-O Nf6 6. Nc3 O-O 7. d4 cxd4 8.
Nxd4 d6 9. Nxc6 bxc6 10. Bxc6 Rb8 11. Bg2 Qa5 12. Qd3 Bf5 13. Qd2 Qb4 14. b3
Nd7 15. Nd5 Qxd2 16. Nxe7+ Kh8 17. Bxd2 Bxa1 18. Rxa1 Rbe8 19. Nxf5 gxf5 20.
Kf1 Kg7 21. Rd1 Nc5 22. Bc3+ f6 23. Rd5 a5 24. Rxd6 a4 25. b4 Ne4 26. Bxe4 Rxe4
27. Bd4 Rc8 28. c5 a3 29. b5 Rxd4 30. Rxd4 Rxc5 31. Rb4 Rc2 32. Rb3 Rxa2 33. b6
Rb2 34. Rxa3 Rxb6 35. Kg2 Kg6 36. Kf3 Rb4 37. e3 Rb2 38. h3 h5 39. Ra1 Rc2 40.
Re1 Ra2 41. Rg1 Rb2 42. Rg2 Ra2 43. g4 fxg4+ 44. hxg4 hxg4+ 45. Rxg4+ Kf5 46.
Rb4 Ra3 47. Rb5+ Ke6 48. Kf4 Ra2 49. f3 Rf2 50. Ke4 Rh2 51. f4 Rh4 52. Rb6+ Kf7
53. Rb7+ Ke6 54. Rb6+ Kf7 55. Kf5 Rh5+ 56. Kg4 Ra5 57. e4 Ra7 58. Rd6 Ra5 59.
Rd7+ Ke6 60. Rb7 Rc5 61. f5+ Kd6 62. Rf7 Ke5 63. Re7+ Kd4 64. Kf4 Rc1 1-0

[Event "I Torneo de Ajedrez La Salle"]
[Site "Zaragoza ESP"]
[Date "2005.11.11"]
[Round "5.2"]
[White "Hernando Garcia, Antonio"]
[Black "Gomez Anadon, Daniel"]
[Result "1-0"]
[WhiteElo "2137"]
[BlackElo "2288"]
[PlyCount "59"]
[EventDate "2005.10.08"]
[EventType "swiss"]
[EventRounds "9"]
[EventCountry "ESP"]
[Source "lmi"]
[SourceDate "2005.12.17"]

1. c4 e5 2. g3 Nf6 3. Bg2 c6 4. d4 e4 5. d5 Bb4+ 6. Bd2 Qe7 7. Nc3 d6 8. Nxe4
Nxe4 9. Bxb4 c5 10. Bd2 Bf5 11. f3 Nxd2 12. Qxd2 Nd7 13. Nh3 Ne5 14. Qc3 Nd3+
15. Kf1 Ne5 16. e4 Bd7 17. f4 Ng6 18. Qxg7 O-O-O 19. Re1 Rhg8 20. Qc3 h5 21.
Ng1 Kb8 22. Kf2 f6 23. a3 Rg7 24. Ne2 Rh8 25. Bf3 h4 26. b4 Rgh7 27. bxc5 dxc5
28. Nc1 Bg4 29. Bxg4 hxg3+ 30. Qxg3 1-0

[Event "I Torneo de Ajedrez La Salle"]
[Site "Zaragoza ESP"]
[Date "2005.11.11"]
[Round "5.3"]
[White "Navarro Alonso, Jorge Luis"]
[Black "Roche Simon, Manuel A"]
[Result "0-1"]
[WhiteElo "2136"]
[BlackElo "2206"]
[PlyCount "76"]
[EventDate "2005.10.08"]
[EventType "swiss"]
[EventRounds "9"]
[EventCountry "ESP"]
[Source "lmi"]
[SourceDate "2005.12.17"]

1. e4 c5 2. Nf3 Nc6 3. Nc3 e6 4. d4 cxd4 5. Nxd4 Nf6 6. Ndb5 Bb4 7. a3 Bxc3+ 8.
Nxc3 d5 9. Bd3 dxe4 10. Nxe4 Nxe4 11. Bxe4 Qxd1+ 12. Kxd1 Bd7 13. Be3 f5 14.
Bf3 e5 15. Kc1 e4 16. Be2 O-O-O 17. b3 Be6 18. Kb2 Nd4 19. Bd1 h6 20. c3 Nc6
21. Be2 g5 22. g3 Rhf8 23. Rad1 b6 24. f4 exf3 25. Bxf3 Ne5 26. Be2 Bd5 27.
Rhf1 Be4 28. Bd4 Rde8 29. Bb5 Bc6 30. Ba6+ Kc7 31. a4 f4 32. gxf4 gxf4 33. Bb5
f3 34. Bxc6 Kxc6 35. Bxe5 Rxe5 36. Rf2 Re3 37. Kc2 a6 38. Rd4 Rfe8 0-1

[Event "I Torneo de Ajedrez La Salle"]
[Site "Zaragoza ESP"]
[Date "2005.11.11"]
[Round "5.5"]
[White "Valiente Roy, Jose Javier"]
[Black "Gomez Luesia, Jesus"]
[Result "0-1"]
[WhiteElo "2046"]
[BlackElo "2196"]
[PlyCount "69"]
[EventDate "2005.10.08"]
[EventType "swiss"]
[EventRounds "9"]
[EventCountry "ESP"]
[Source "lmi"]
[SourceDate "2005.12.17"]

1. d4 e6 2. c4 Bb4+ 3. Nc3 f5 4. a3 Bxc3+ 5. bxc3 Nf6 6. e3 b6 7. Bd3 Bb7 8. f3
O-O 9. Ne2 d6 10. O-O Nbd7 11. Qb3 Qe7 12. c5 dxc5 13. a4 a5 14. Ba3 Bd5 15.
Qc2 Bc6 16. Rae1 Nd5 17. Nf4 Qf6 18. Nxd5 exd5 19. e4 c4 20. Be2 Rf7 21. e5 Qe6
22. f4 Nf8 23. Bh5 g6 24. Bd1 Qe8 25. g4 Ne6 26. Kh1 Ng7 27. e6 Nxe6 28. gxf5
Rxf5 29. Bg4 Bxa4 30. Qg2 Kh8 31. Bxf5 gxf5 32. Rg1 Qf7 33. Rxe6 Bc2 34. h3 Be4
35. Rxe4 0-1

[Event "I Torneo de Ajedrez La Salle"]
[Site "Zaragoza ESP"]
[Date "2005.11.11"]
[Round "5.6"]
[White "Villuendas Valero, Adrian"]
[Black "Lana Rodriguez, David"]
[Result "0-1"]
[WhiteElo "2154"]
[BlackElo "2037"]
[PlyCount "72"]
[EventDate "2005.10.08"]
[EventType "swiss"]
[EventRounds "9"]
[EventCountry "ESP"]
[Source "lmi"]
[SourceDate "2005.12.17"]

1. e4 a6 2. d4 b5 3. Nf3 Bb7 4. Bd3 e6 5. O-O Nf6 6. Re1 Be7 7. Nbd2 d6 8. a4
b4 9. c4 Nfd7 10. Nf1 c5 11. d5 Bf6 12. Ng3 Ne5 13. Nh5 Nbd7 14. Nxf6+ Qxf6 15.
Nxe5 Nxe5 16. f4 Ng6 17. Qf3 O-O 18. Re2 exd5 19. exd5 Qd4+ 20. Kf1 Rae8 21.
Re4 Qf6 22. Rxe8 Rxe8 23. Qf2 Bc8 24. Be3 Bf5 25. Bxf5 Qxf5 26. Qd2 Qe4 27. Re1
Qxc4+ 28. Kf2 h6 29. g3 Ne7 30. Rd1 Nf5 31. Re1 Kf8 32. h3 Qb3 33. a5 Nxe3 34.
Rxe3 Rxe3 35. Qxe3 Qxb2+ 36. Kf3 Qa3 0-1

[Event "I Torneo de Ajedrez La Salle"]
[Site "Zaragoza ESP"]
[Date "2005.11.11"]
[Round "5.7"]
[White "Sanz Lopez, Ruben"]
[Black "Gutierrez Miguenza, Ruben"]
[Result "0-1"]
[WhiteElo "1941"]
[BlackElo "2118"]
[PlyCount "79"]
[EventDate "2005.10.08"]
[EventType "swiss"]
[EventRounds "9"]
[EventCountry "ESP"]
[Source "lmi"]
[SourceDate "2005.12.17"]

1. d4 Nf6 2. Bg5 d5 3. e3 e6 4. Nf3 Be7 5. Nbd2 O-O 6. Bd3 Nbd7 7. c3 c5 8. O-O
b6 9. Qa4 Bb7 10. Ne5 h6 11. Bxf6 Nxf6 12. Nc6 Bxc6 13. Qxc6 Rc8 14. Qa4 Qc7
15. f4 c4 16. Be2 b5 17. Qc2 b4 18. e4 bxc3 19. bxc3 dxe4 20. Nxe4 Nd5 21. Qd2
f5 22. Nf2 Qxf4 23. Qxf4 Nxf4 24. Bf3 Ba3 25. Rae1 Rfe8 26. Re5 Bd6 27. Ra5 e5
28. dxe5 Rxe5 29. Rxe5 Bxe5 30. g3 Nd3 31. Bd5+ Kh8 32. Nd1 f4 33. Kg2 g5 34.
Be6 Rc6 35. Bd5 Rc5 36. Be6 Rc6 37. Bd5 Rc5 38. Be6 Kg7 39. Kg1 Bc7 40. h4 0-1

[Event "I Torneo de Ajedrez La Salle"]
[Site "Zaragoza ESP"]
[Date "2005.11.11"]
[Round "5.9"]
[White "Ferreruela Romero, Jose Joaquin"]
[Black "Forcen Esteban, Daniel"]
[Result "1-0"]
[WhiteElo "2059"]
[BlackElo "1961"]
[PlyCount "135"]
[EventDate "2005.10.08"]
[EventType "swiss"]
[EventRounds "9"]
[EventCountry "ESP"]
[Source "lmi"]
[SourceDate "2005.12.17"]

1. b3 d6 2. d4 g6 3. Bb2 Bg7 4. Nf3 Bg4 5. e3 f5 6. Be2 Nh6 7. h3 Bh5 8. Ng5
Bxe2 9. Qxe2 Qd7 10. c4 O-O 11. d5 e5 12. Ne6 Re8 13. Nxg7 Kxg7 14. Nd2 Na6 15.
Nf3 Nf7 16. h4 h6 17. h5 g5 18. g4 Kf8 19. Nd2 Nb4 20. Nf1 f4 21. Bc3 f3 22.
Qd1 a5 23. a3 e4 24. axb4 axb4 25. Bb2 Qxg4 26. Ng3 b6 27. Qc2 Rxa1+ 28. Bxa1
Nd8 29. Qb2 Re5 30. Qa2 Re8 31. Qa7 Qc8 32. Bd4 Nb7 33. Qa1 Kg8 34. Bg7 Nc5 35.
Bxh6 Qd7 36. Bxg5 Nxb3 37. Qf6 Ra8 38. Qg6+ Qg7 39. Qxg7+ Kxg7 40. O-O Nc5 41.
Nf5+ Kh7 42. Kh2 b3 43. Rg1 Rg8 44. Bf6 Nd3 45. Rxg8 Kxg8 46. Kg3 b2 47. Bxb2
Nxb2 48. Kf4 Nxc4 49. Kxe4 Ne5 50. Ne7+ Kf7 51. Ng6 Nxg6 52. hxg6+ Kxg6 53.
Kxf3 Kf5 54. e4+ Kg5 55. Ke3 Kf6 56. f4 Kg6 57. Kd4 Kf6 58. Kc4 Kg6 59. Kb5 Kf6
60. Kc6 Ke7 61. Kxc7 b5 62. e5 dxe5 63. d6+ Ke6 64. d7 exf4 65. d8=Q Ke5 66.
Qb8 f3 67. Qxb5+ Ke4 68. Qf1 1-0

[Event "I Torneo de Ajedrez La Salle"]
[Site "Zaragoza ESP"]
[Date "2005.11.18"]
[Round "6.1"]
[White "Roche Simon, Manuel A"]
[Black "Cortes Lizano, Jesus"]
[Result "1-0"]
[WhiteElo "2206"]
[BlackElo "2177"]
[PlyCount "71"]
[EventDate "2005.10.08"]
[EventType "swiss"]
[EventRounds "9"]
[EventCountry "ESP"]
[Source "lmi"]
[SourceDate "2005.12.17"]

1. e4 c5 2. Nf3 d6 3. d4 Nf6 4. Nc3 cxd4 5. Nxd4 a6 6. Bg5 e6 7. f4 Qc7 8. Qf3
b5 9. Bxf6 gxf6 10. Bd3 Bb7 11. O-O-O b4 12. Nce2 h5 13. Kb1 Nd7 14. h4 O-O-O
15. Ng3 Nc5 16. Nb3 a5 17. f5 a4 18. Nxc5 Qxc5 19. fxe6 fxe6 20. Qxf6 Rh6 21.
Qg5 a3 22. Ne2 d5 23. e5 Rh8 24. c3 b3 25. axb3 axb2 26. b4 Qb6 27. Qf6 Rh6 28.
Qf4 Rh8 29. Qd4 Qc7 30. Nf4 Rh6 31. Kxb2 Bg7 32. Rhe1 Rf8 33. g3 Re8 34. Ra1
Re7 35. Ra7 Bf8 36. Ba6 1-0

[Event "I Torneo de Ajedrez La Salle"]
[Site "Zaragoza ESP"]
[Date "2005.11.18"]
[Round "6.2"]
[White "Ramiro Ovejero, Juan Luis"]
[Black "Hernando Garcia, Antonio"]
[Result "1/2-1/2"]
[WhiteElo "2332"]
[BlackElo "2137"]
[PlyCount "108"]
[EventDate "2005.10.08"]
[EventType "swiss"]
[EventRounds "9"]
[EventCountry "ESP"]
[Source "lmi"]
[SourceDate "2005.12.17"]

1. e4 d5 2. exd5 Qxd5 3. Nc3 Qd8 4. d4 c6 5. Ne4 Nd7 6. Bd3 Ndf6 7. Ng5 h6 8.
N5f3 Bg4 9. Bd2 e6 10. h3 Bxf3 11. Nxf3 Bd6 12. Qe2 Ne7 13. O-O-O Qc7 14. Kb1
O-O-O 15. c4 Qb8 16. Rhe1 Rhe8 17. Ba5 Bc7 18. Bxc7 Qxc7 19. Ne5 Neg8 20. Bc2
Re7 21. Qf3 Ne8 22. h4 g6 23. g4 Ng7 24. Re3 h5 25. g5 Nf5 26. Bxf5 exf5 27. c5
Re6 28. Nc4 Rxe3 29. Qxe3 Ne7 30. Nd6+ Kb8 31. Re1 Nc8 32. Ne8 Qh2 33. f4 Rd5
34. Nf6 Rd8 35. Qe5+ Ka8 36. d5 cxd5 37. Nxd5 a6 38. c6 Qd2 39. cxb7+ Kxb7 40.
Qc7+ Ka8 41. Qxd8 Qxe1+ 42. Kc2 Qe2+ 43. Kc3 Qe1+ 44. Kd4 Qf2+ 45. Kc4 Qc2+ 46.
Nc3 Kb7 47. Qd7+ Kb8 48. Qd8 Qxb2 49. a4 Qf2 50. Nd5 Qc2+ 51. Kb4 Qb2+ 52. Kc4
Qc2+ 53. Kb4 Qd2+ 54. Kc4 Qc2+ 1/2-1/2

[Event "I Torneo de Ajedrez La Salle"]
[Site "Zaragoza ESP"]
[Date "2005.11.18"]
[Round "6.3"]
[White "Añaños Palacios, David"]
[Black "Palacios Latasa, Elias"]
[Result "1/2-1/2"]
[WhiteElo "1856"]
[BlackElo "2204"]
[PlyCount "61"]
[EventDate "2005.10.08"]
[EventType "swiss"]
[EventRounds "9"]
[EventCountry "ESP"]
[Source "lmi"]
[SourceDate "2005.12.17"]

1. e4 c5 2. Nf3 Nc6 3. d4 cxd4 4. Nxd4 g6 5. c4 Nf6 6. Nc3 d6 7. Nc2 Bg7 8. Bd2
O-O 9. Be2 Nd7 10. O-O a5 11. Rb1 Nc5 12. f3 f5 13. Ne3 Nd4 14. exf5 Nxf5 15.
Kh1 Nxe3 16. Bxe3 Be6 17. Bd4 Qe8 18. Nb5 Rc8 19. Re1 Qf7 20. Bxg7 Qxg7 21. b3
Bd7 22. Qd2 b6 23. Bf1 Ne6 24. Nc3 Bc6 25. Qe3 Bd7 26. Qxb6 Rc5 27. Ne4 Re5 28.
Ng3 Rc5 29. Ne4 Re5 30. Ng3 Rc5 31. Ne4 1/2-1/2

[Event "I Torneo de Ajedrez La Salle"]
[Site "Zaragoza ESP"]
[Date "2005.11.18"]
[Round "6.4"]
[White "Gomez Luesia, Jesus"]
[Black "Ferreruela Romero, Jose Joaquin"]
[Result "1-0"]
[WhiteElo "2196"]
[BlackElo "2059"]
[PlyCount "79"]
[EventDate "2005.10.08"]
[EventType "swiss"]
[EventRounds "9"]
[EventCountry "ESP"]
[Source "lmi"]
[SourceDate "2005.12.17"]

1. d4 g6 2. e4 Bg7 3. c4 Nc6 4. d5 Nd4 5. Ne2 c5 6. Nbc3 e5 7. Be3 d6 8. Qd2
Nf6 9. f3 Nh5 10. Nb5 a6 11. Nbxd4 cxd4 12. Bg5 Bf6 13. Bh6 Bh4+ 14. g3 Bf6 15.
Bg2 Bg7 16. O-O O-O 17. Bxg7 Nxg7 18. b4 b6 19. Rac1 Qe7 20. Rc2 Bd7 21. Nc1
Ba4 22. Nb3 f5 23. Rfc1 f4 24. c5 fxg3 25. hxg3 bxc5 26. bxc5 Nh5 27. cxd6 Qxd6
28. Qh6 Ra7 29. Rc8 Bxb3 30. Bh3 Bxd5 31. exd5 Ng7 32. R1c6 Qb4 33. Rxf8+ Qxf8
34. Rc8 Ne8 35. Be6+ Rf7 36. Qg5 Qb4 37. Rxe8+ Kg7 38. Qxe5+ Rf6 39. Bh3 Kf7
40. Rb8 1-0

[Event "I Torneo de Ajedrez La Salle"]
[Site "Zaragoza ESP"]
[Date "2005.11.18"]
[Round "6.5"]
[White "Lana Rodriguez, David"]
[Black "Gutierrez Miguenza, Ruben"]
[Result "1/2-1/2"]
[WhiteElo "2037"]
[BlackElo "2118"]
[PlyCount "120"]
[EventDate "2005.10.08"]
[EventType "swiss"]
[EventRounds "9"]
[EventCountry "ESP"]
[Source "lmi"]
[SourceDate "2005.12.17"]

1. e4 c5 2. Nf3 Nc6 3. d4 cxd4 4. Nxd4 Nf6 5. Nc3 e5 6. Ndb5 d6 7. Bg5 a6 8.
Bxf6 gxf6 9. Na3 b5 10. Nd5 Bg7 11. c3 f5 12. Bd3 Be6 13. Qf3 f4 14. g3 O-O 15.
gxf4 exf4 16. Nxf4 Ne5 17. Qg3 Kh8 18. Nxe6 fxe6 19. Be2 Bh6 20. Nc2 Rg8 21.
Qh3 Qg5 22. Ne3 Raf8 23. Rf1 Rf4 24. Kd2 Qf6 25. Rg1 Rxg1 26. Rxg1 Rxf2 27. Ke1
Rf4 28. Ng4 Nxg4 29. Rxg4 Rxg4 30. Qxg4 Bf4 31. h3 Qe5 32. Qg2 a5 33. Kd1 b4
34. Kc2 bxc3 35. bxc3 a4 36. Bd3 a3 37. Qf2 Qg5 38. Kb3 Qf6 39. Qa7 Be5 40. Bc2
Qf3 41. Qb8+ Kg7 42. Qc7+ Kg6 43. Kxa3 Qxh3 44. Kb3 Qe3 45. a4 Qc5 46. Qxc5
dxc5 47. Kc4 h5 48. Bd1 h4 49. Bg4 Kg5 50. Bxe6 Kf4 51. a5 Kxe4 52. a6 Bb8 53.
Kxc5 Ba7+ 54. Kc6 Kd3 55. c4 Ke4 56. Kb7 Bc5 57. a7 Bxa7 58. Kxa7 Kd4 59. Kb6
h3 60. Ka5 h2 1/2-1/2

[Event "I Torneo de Ajedrez La Salle"]
[Site "Zaragoza ESP"]
[Date "2005.11.18"]
[Round "6.7"]
[White "Gomez Anadon, Daniel"]
[Black "Forcen Esteban, Victor"]
[Result "1-0"]
[WhiteElo "2288"]
[BlackElo "1943"]
[PlyCount "81"]
[EventDate "2005.10.08"]
[EventType "swiss"]
[EventRounds "9"]
[EventCountry "ESP"]
[Source "lmi"]
[SourceDate "2005.12.17"]

1. e4 c5 2. Nc3 d6 3. f4 g6 4. Nf3 Bg7 5. Bb5+ Bd7 6. a4 Bxb5 7. axb5 e6 8. d4
Qb6 9. Be3 a6 10. Qd2 Nd7 11. O-O Ngf6 12. dxc5 dxc5 13. h3 Nh5 14. g4 Ng3 15.
Rfd1 Nf6 16. Ne5 O-O 17. Qg2 Ngxe4 18. Nxe4 Nxe4 19. Qxe4 Qxb5 20. Qc4 Qxc4 21.
Nxc4 f5 22. Bxc5 Rfc8 23. Nb6 Rxc5 24. Nxa8 fxg4 25. hxg4 Bxb2 26. Rd8+ Kf7 27.
Rad1 g5 28. R1d7+ Kg6 29. Rg8+ Kf6 30. fxg5+ Rxg5 31. Rxg5 Kxg5 32. Rxh7 b5 33.
Nc7 Kxg4 34. Rf7 Kg5 35. Nxe6+ Kg6 36. Ra7 Kf5 37. Rxa6 b4 38. Kf1 Ke4 39. Ke2
Bh8 40. Rb6 Bc3 41. Rb5 1-0

[Event "I Torneo de Ajedrez La Salle"]
[Site "Zaragoza ESP"]
[Date "2005.11.18"]
[Round "6.9"]
[White "Labena Bernal, Antonio"]
[Black "Navarro Alonso, Jorge Luis"]
[Result "0-1"]
[WhiteElo "1942"]
[BlackElo "2136"]
[PlyCount "55"]
[EventDate "2005.10.08"]
[EventType "swiss"]
[EventRounds "9"]
[EventCountry "ESP"]
[Source "lmi"]
[SourceDate "2005.12.17"]

1. e4 c5 2. c3 e6 3. d4 d5 4. exd5 exd5 5. Nf3 Bd6 6. Bb5+ Bd7 7. Bxd7+ Qxd7 8.
O-O Nc6 9. dxc5 Bxc5 10. Re1+ Nge7 11. Nbd2 O-O 12. Nb3 Bb6 13. Be3 Bc7 14. Qd2
b6 15. Bf4 Bxf4 16. Qxf4 Ng6 17. Qd2 Rad8 18. Rad1 Qc7 19. Qg5 h6 20. Qf5 Nce7
21. Qd3 Nf4 22. Qd4 Neg6 23. Ne5 Rd6 24. Nd2 Qc8 25. Ndf3 Qf5 26. Kh1 Rf6 27.
Rd2 Re8 28. g4 0-1

[Event "I Torneo de Ajedrez La Salle"]
[Site "Zaragoza ESP"]
[Date "2005.11.18"]
[Round "6.10"]
[White "Moser, Philippe"]
[Black "Torcal Andolz, Alfonso"]
[Result "1/2-1/2"]
[WhiteElo "2011"]
[BlackElo "1885"]
[PlyCount "90"]
[EventDate "2005.10.08"]
[EventType "swiss"]
[EventRounds "9"]
[EventCountry "ESP"]
[Source "lmi"]
[SourceDate "2005.12.17"]

1. e4 d5 2. exd5 Qxd5 3. Nc3 Qa5 4. d4 Nf6 5. Nf3 Bg4 6. Be2 Nc6 7. O-O O-O-O
8. h3 Bxf3 9. Bxf3 Nxd4 10. Be3 Nxf3+ 11. Qxf3 e6 12. a3 Bc5 13. b4 Qa6 14.
Bxc5 Rd7 15. b5 Qa5 16. Rad1 Rhd8 17. Rxd7 Rxd7 18. Bb4 Qb6 19. Rd1 Rxd1+ 20.
Qxd1 c5 21. bxc6 Qxc6 22. Qd6 Qxd6 23. Bxd6 Kd7 24. Bb8 a6 25. Be5 Ne8 26. Kf1
f6 27. Bd4 e5 28. Bc5 Kc6 29. Bf8 g6 30. Ke2 f5 31. a4 Nc7 32. Bg7 e4 33. Ke3
Kd6 34. f3 exf3 35. Kxf3 b5 36. axb5 axb5 37. Ke3 Kc5 38. Kd3 Ne6 39. Bh6 g5
40. Ne2 Kd5 41. Ng3 Nf4+ 42. Kc3 Nxg2 43. Nxf5 Nf4 44. h4 Ke5 45. Bxg5 Nd5+
1/2-1/2

[Event "I Torneo de Ajedrez La Salle"]
[Site "Zaragoza ESP"]
[Date "2005.11.25"]
[Round "7.1"]
[White "Roche Simon, Manuel A"]
[Black "Gomez Luesia, Jesus"]
[Result "1-0"]
[WhiteElo "2206"]
[BlackElo "2196"]
[PlyCount "77"]
[EventDate "2005.10.08"]
[EventType "swiss"]
[EventRounds "9"]
[EventCountry "ESP"]
[Source "lmi"]
[SourceDate "2005.12.17"]

1. e4 c6 2. d4 d5 3. e5 Bf5 4. Be3 h5 5. c4 e6 6. Nf3 Nh6 7. h3 dxc4 8. Bxc4
Nd7 9. Nc3 Nb6 10. Bb3 Be7 11. Qd2 a5 12. a3 a4 13. Ba2 Nd5 14. Bxd5 cxd5 15.
O-O Qa5 16. Bg5 Bxg5 17. Qxg5 g6 18. Rac1 Bd3 19. Rfd1 Bc4 20. Qf4 b5 21. Ng5
Qd8 22. g4 Qe7 23. Kg2 Kd7 24. Re1 Rac8 25. f3 Rc7 26. Re3 Kc8 27. Ree1 Kb7 28.
Nd1 Ka6 29. Nf2 Rb7 30. Re3 Ka7 31. Nd3 Rc7 32. Nc5 Rc6 33. Ree1 Kb6 34. Qd2
Rc7 35. Kg3 Rc6 36. h4 Rc7 37. Qb4 Kc6 38. b3 axb3 39. a4 1-0

[Event "I Torneo de Ajedrez La Salle"]
[Site "Zaragoza ESP"]
[Date "2005.11.25"]
[Round "7.2"]
[White "Cortes Lizano, Jesus"]
[Black "Hernando Garcia, Antonio"]
[Result "0-1"]
[WhiteElo "2177"]
[BlackElo "2137"]
[PlyCount "94"]
[EventDate "2005.10.08"]
[EventType "swiss"]
[EventRounds "9"]
[EventCountry "ESP"]
[Source "lmi"]
[SourceDate "2005.12.17"]

1. c4 Nf6 2. Nf3 c6 3. b3 d5 4. Bb2 Bf5 5. d3 e6 6. g3 Be7 7. Bg2 O-O 8. O-O h6
9. Re1 a5 10. a3 Na6 11. Nbd2 Nc5 12. Qc2 Rc8 13. Bc3 Nfd7 14. b4 axb4 15. axb4
Na6 16. Qb2 Bf6 17. e4 Bxc3 18. Qxc3 dxe4 19. dxe4 Bh7 20. c5 Nc7 21. Nc4 Nb5
22. Qe3 Qc7 23. Rad1 Rb8 24. Rd2 Nf6 25. Nd4 Nxd4 26. Rxd4 Rfd8 27. Red1 Kf8
28. f3 Rxd4 29. Qxd4 Ne8 30. Bf1 Ke7 31. e5 Bc2 32. Rd2 Bb3 33. Nd6 Bd5 34. Qc3
b6 35. Rd4 bxc5 36. bxc5 Rb3 37. Qa1 Qb8 38. Ra4 Nc7 39. Rf4 Rxf3 40. Qa4 Rxf4
41. Qxf4 Qf8 42. Qb4 f6 43. Qb7 Kd7 44. Qb4 fxe5 45. Qb2 e4 46. Qd4 Qf6 47. Qb4
e3 0-1

[Event "I Torneo de Ajedrez La Salle"]
[Site "Zaragoza ESP"]
[Date "2005.11.25"]
[Round "7.3"]
[White "Navarro Alonso, Jorge Luis"]
[Black "Ramiro Ovejero, Juan Luis"]
[Result "0-1"]
[WhiteElo "2136"]
[BlackElo "2332"]
[PlyCount "62"]
[EventDate "2005.10.08"]
[EventType "swiss"]
[EventRounds "9"]
[EventCountry "ESP"]
[Source "lmi"]
[SourceDate "2005.12.17"]

1. e4 c5 2. Nf3 e6 3. d4 cxd4 4. Nxd4 a6 5. c4 Nf6 6. Nc3 Bb4 7. Bd3 Nc6 8. Bc2
Qa5 9. O-O Bxc3 10. bxc3 Qxc3 11. Nxc6 dxc6 12. Rb1 e5 13. Qd6 Qd4 14. Qxd4
exd4 15. Rd1 c5 16. Rb6 O-O 17. f3 Nd7 18. Rb1 Ne5 19. Ba3 b6 20. Bd3 Be6 21.
Rxb6 Rfc8 22. Bf1 Bxc4 23. Rb7 Bxf1 24. Kxf1 h5 25. Bc1 Rab8 26. Ra7 Rb6 27. f4
Nc6 28. Rd7 c4 29. Ba3 c3 30. Ke2 Rb5 31. Rd6 Rcb8 0-1

[Event "I Torneo de Ajedrez La Salle"]
[Site "Zaragoza ESP"]
[Date "2005.11.25"]
[Round "7.4"]
[White "Gutierrez Miguenza, Ruben"]
[Black "Gomez Anadon, Daniel"]
[Result "0-1"]
[WhiteElo "2118"]
[BlackElo "2288"]
[PlyCount "69"]
[EventDate "2005.10.08"]
[EventType "swiss"]
[EventRounds "9"]
[EventCountry "ESP"]
[Source "lmi"]
[SourceDate "2005.12.17"]

1. d4 Nf6 2. c4 e6 3. Nf3 d5 4. Nc3 c6 5. e3 Nbd7 6. Qc2 Bd6 7. Be2 O-O 8. O-O
dxc4 9. Bxc4 b5 10. Be2 Bb7 11. Rd1 Qc7 12. e4 e5 13. g3 Rfe8 14. dxe5 Nxe5 15.
Bg5 Ned7 16. a3 a6 17. Nd4 Be5 18. Nf5 h6 19. Be3 c5 20. f3 c4 21. Bf2 Nc5 22.
Ne3 Nb3 23. Rab1 Nd4 24. Qd2 Rad8 25. Qe1 Nb3 26. Nc2 Qe7 27. Bb6 Rxd1 28. Rxd1
Bxc3 29. Qxc3 Nxe4 30. fxe4 Qxe4 31. Ne3 Qh1+ 32. Kf2 Qxh2+ 33. Kf1 Re6 34.
Rd8+ Kh7 35. Bc7 0-1

[Event "I Torneo de Ajedrez La Salle"]
[Site "Zaragoza ESP"]
[Date "2005.11.25"]
[Round "7.5"]
[White "Palacios Latasa, Elias"]
[Black "Lana Rodriguez, David"]
[Result "0-1"]
[WhiteElo "2204"]
[BlackElo "2037"]
[PlyCount "120"]
[EventDate "2005.10.08"]
[EventType "swiss"]
[EventRounds "9"]
[EventCountry "ESP"]
[Source "lmi"]
[SourceDate "2005.12.17"]

1. e4 e5 2. f4 exf4 3. Nf3 d5 4. exd5 Qxd5 5. Nc3 Qe6+ 6. Kf2 Bd7 7. d4 Be7 8.
Bd3 Nf6 9. Re1 Ng4+ 10. Kg1 Qd6 11. Ne4 Qb6 12. Bxf4 O-O 13. h3 Nf6 14. Rb1 h6
15. Qe2 Bc6 16. Nxf6+ Bxf6 17. c3 Nd7 18. Kh1 Rae8 19. Qf2 Bd5 20. b3 c5 21.
Ne5 Bxe5 22. dxe5 f6 23. e6 Rxe6 24. Qg3 f5 25. Rxe6 Qxe6 26. Re1 Qf6 27. Bb5
Rf7 28. Re8+ Kh7 29. Bc7 a6 30. Bd8 Qg6 31. Rh8+ Kxh8 32. Qxg6 axb5 33. Qd6 Bc6
34. Be7 f4 35. Qe6 Kg8 36. Kg1 Nf8 37. Bxf8 Kxf8 38. Qd6+ Kg8 39. Qxc5 f3 40.
gxf3 Rxf3 41. Qe5 Kf7 42. a4 bxa4 43. bxa4 Kg6 44. Qe6+ Rf6 45. Qg4+ Kh7 46.
Qd4 Kg6 47. a5 Kh7 48. Qd3+ Kg8 49. Qd8+ Rf8 50. Qc7 Rf6 51. Qd8+ Kh7 52. Qd4
Kg6 53. Qd6 h5 54. c4 Kg5 55. Kh2 Kg6 56. Qd3+ Kh6 57. Qe3+ Kg6 58. Qd3+ Kh6
59. Qd2+ g5 60. c5 h4 0-1

[Event "I Torneo de Ajedrez La Salle"]
[Site "Zaragoza ESP"]
[Date "2005.11.25"]
[Round "7.6"]
[White "Sanchez Castro, Roberto"]
[Black "Cerrajeria Ruiz, Jesus Maria"]
[Result "1/2-1/2"]
[WhiteElo "1917"]
[BlackElo "2159"]
[PlyCount "59"]
[EventDate "2005.10.08"]
[EventType "swiss"]
[EventRounds "9"]
[EventCountry "ESP"]
[Source "lmi"]
[SourceDate "2005.12.17"]

1. Nf3 g6 2. d3 Bg7 3. e4 Nf6 4. c3 O-O 5. h3 d5 6. Qc2 dxe4 7. dxe4 Nbd7 8.
Be3 e5 9. Be2 Qe7 10. Nbd2 a5 11. Nh2 Kh8 12. h4 Ng8 13. g4 f5 14. gxf5 gxf5
15. exf5 Nc5 16. Bg4 Nh6 17. f6 Rxf6 18. Bxc8 Rxc8 19. Bg5 Qd7 20. Bxf6 Nd3+
21. Ke2 Nf4+ 22. Kd1 Bxf6 23. Qe4 Rd8 24. Nhf3 Ng4 25. Rf1 Nh2 26. Kc2 Nxf1 27.
Rxf1 Nd3 28. Nb3 a4 29. Nc1 Nxb2 30. Rg1 1/2-1/2

[Event "I Torneo de Ajedrez La Salle"]
[Site "Zaragoza ESP"]
[Date "2005.11.25"]
[Round "7.7"]
[White "Añaños Palacios, David"]
[Black "Gavin Roche, Enrique"]
[Result "0-1"]
[WhiteElo "1856"]
[BlackElo "2219"]
[PlyCount "54"]
[EventDate "2005.10.08"]
[EventType "swiss"]
[EventRounds "9"]
[EventCountry "ESP"]
[Source "lmi"]
[SourceDate "2005.12.17"]

1. e4 e5 2. Nf3 Nc6 3. Bb5 Nd4 4. Nxd4 exd4 5. O-O Bc5 6. d3 c6 7. Bc4 d5 8.
exd5 cxd5 9. Bb5+ Bd7 10. Bxd7+ Qxd7 11. Nd2 Ne7 12. Re1 O-O 13. Nf3 f6 14. a3
a5 15. b3 Nf5 16. Bb2 h5 17. Qd2 Qd6 18. h3 Kf7 19. g4 hxg4 20. hxg4 Nh6 21.
Nh2 Rh8 22. Qe2 Nf5 23. Nf3 Nh4 24. g5 Rae8 25. Qd1 Nxf3+ 26. Qxf3 Qh2+ 27. Kf1
Qh1+ 0-1

[Event "I Torneo de Ajedrez La Salle"]
[Site "Zaragoza ESP"]
[Date "2005.11.25"]
[Round "7.8"]
[White "Moreno Gracia, Daniel"]
[Black "Villuendas Valero, Adrian"]
[Result "1-0"]
[WhiteElo "2045"]
[BlackElo "2154"]
[PlyCount "57"]
[EventDate "2005.10.08"]
[EventType "swiss"]
[EventRounds "9"]
[EventCountry "ESP"]
[Source "lmi"]
[SourceDate "2005.12.17"]

1. e4 c5 2. Nf3 d6 3. d4 Nf6 4. Nc3 cxd4 5. Nxd4 a6 6. Bd3 e5 7. Nde2 Nbd7 8.
O-O Be7 9. Bg5 b5 10. b4 Bb7 11. a4 bxa4 12. Rxa4 O-O 13. Qa1 Qc8 14. Ng3 Re8
15. Nf5 Bf8 16. Rd1 d5 17. Ng3 dxe4 18. Ncxe4 Nxe4 19. Nxe4 f5 20. Ng3 Qc6 21.
Bf1 f4 22. Nf5 Qe6 23. Qa2 Nb6 24. Qxe6+ Rxe6 25. Ra3 Be4 26. Nh4 Rae8 27. Bd3
Bxd3 28. Rdxd3 h6 29. Bd8 1-0